000 00568nam a22001817a 4500
999 _c7361
_d7361
008 210916b ||||| |||| 00| 0 eng d
020 _a9788417941130
040 _aCDMR
100 _94653
_ade Juan, Nana
245 _aCrónicas impertinentes desde mi confín
_cNana de Juan ; Ilustraciones de Lola García Paz
250 _a
260 _aSevilla
_bSamarcanda
_c2020
300 _a264 pàgines
_c22 cm
600 0 _94653
_ade Juan, Nana
_xBiografia
650 0 _94656
_aCOVID-19 (Malaltia)
_xDiaris íntims
700 _94654
_aGarcía Paz, Lola
942 _2udc
_cMON